000 00303nam a22001337a 4500
008 170502b xxu||||| |||| 00| 0 eng d
020 _a9781587781407
041 _aeng
080 _a34
100 _a14
101 _aSHJ
245 _aCORPORATION LAW AND ECONOMICS
_cBAINBRIDGE, S.M
942 _2udc
_cBK
999 _c12427
_d12427